|
|
|
|
| LEADER |
01824nam a2200337 a 4500 |
| 001 |
0017696 |
| 003 |
BD-DhAAL |
| 008 |
090430s2006 ii b 101 0 eng d |
| 010 |
|
|
|a 2006542757
|
| 020 |
|
|
|a 8125029397
|
| 040 |
|
|
|a DLC
|c DLC
|d DLC
|d BD-DhAAL
|
| 082 |
0 |
0 |
|a 613.9
|2 22
|
| 245 |
0 |
0 |
|a Reproductive health in India :
|b history, politics, controversies /
|c edited by Sarah Hodges.
|
| 260 |
|
|
|a New Delhi :
|b Orient Longman,
|c 2006.
|
| 300 |
|
|
|a ix, 264 pages ;
|c 23 cm
|
| 490 |
0 |
|
|a New perspectives in South Asian history ;
|v 13
|
| 500 |
|
|
|a Based on presentations at a conference held at the Centre for the History and Culture of Medicine, SOas.
|
| 504 |
|
|
|a Includes bibliographical references and index.
|
| 526 |
|
|
|a JPGSPH
|x Mrityunjoy Das
Academic and Administrative Officer
James P Grant School of Public Health
BRAC University
|
| 541 |
1 |
|
|e 17696
|a Paragon Enterprises LTD
|
| 650 |
|
0 |
|a Reproductive health
|z India
|x History
|y 20th century.
|9 41602
|
| 650 |
|
0 |
|a Reproductive health
|z India
|x History
|y 19th century.
|9 41603
|
| 651 |
|
0 |
|a India
|x Population policy
|x History
|y 20th century.
|9 41604
|
| 651 |
|
0 |
|a India
|x Population policy
|x History
|y 19th century.
|9 41605
|
| 700 |
1 |
|
|a Hodges, Sarah.
|9 41606
|
| 710 |
2 |
|
|a Centre for the History and Culture of Medicine (University of London. School of Oriental and African Studies)
|9 41607
|
| 830 |
|
|
|a New perspectives in South Asian history ;
|v 13
|9 58489
|
| 852 |
|
|
|a Ayesha Abed Library
|c General Stacks
|
| 942 |
|
|
|2 ddc
|c BK
|
| 999 |
|
|
|c 290
|d 290
|
| 952 |
|
|
|0 0
|1 0
|2 ddc
|4 0
|6 613_900000000000000_REP_2006
|7 0
|9 267
|a BRACUL
|b BRACUL
|c GEN
|d 2009-04-30
|e Paragon Enterprises LTD
|g 1045.00
|l 1
|o 613.9 REP
|p 3010017696
|r 2010-06-10
|s 2010-06-10
|t 1
|w 2009-04-30
|y BK
|x Requisitioned by Mrityunjoy Das,Academic and Administrative Officer, James P Grant School of Public Health, BRAC University
|